[Event "Budapest FS08 IM"]
[Site "Budapest"]
[Date "2004.08.11"]
[Round "5"]
[White "Naes, Flovin Tor"]
[Black "Woodward, Timothy"]
[Result "1-0"]
[WhiteElo "2269"]
[BlackElo "2334"]
[PlyCount "53"]
[EventDate "2004.08.07"]
[EventType "tourn"]
[EventRounds "13"]
[EventCountry "HUN"]
[EventCategory "2"]
[SourceTitle "EXT 2005"]
[Source "ChessBase"]
[SourceDate "2004.11.15"]
[SourceVersion "1"]
[SourceVersionDate "2004.11.15"]
[SourceQuality "1"]

1. e4 c6 2. d4 d5 3. exd5 cxd5 4. c4 Nf6 5. Nc3 e6 6. Nf3 Bb4 7. Qc2 Qc7 8. Bd2 Bxc3 9. bxc3 dxc4 10. Ne5 Nbd7 11. Nxc4 b6 12. Bd3 0-0 13. f4 Ba6 14. Ne5 Bxd3 15. Qxd3 Rad8 16. 0-0 Nxe5 17. fxe5 Qxe5 18. Rae1 Qh5 19. Re3 Rd5 20. c4 Rf5 21. Rxf5 exf5 22. Bb4 Rc8 23. Be7 Ne4 24. d5 Rxc4 25. Qxc4 Qd1+ 26. Qf1 Qd4 27. Qc1 1-0

[Event "Budapest FS08 IM"]
[Site "Budapest"]
[Date "2004.08.10"]
[Round "4"]
[White "Woodward, Timothy"]
[Black "Schill, William"]
[Result "1-0"]
[WhiteElo "2334"]
[BlackElo "2298"]
[PlyCount "85"]
[EventDate "2004.08.07"]
[EventType "tourn"]
[EventRounds "13"]
[EventCountry "HUN"]
[EventCategory "2"]
[SourceTitle "EXT 2005"]
[Source "ChessBase"]
[SourceDate "2004.11.15"]
[SourceVersion "1"]
[SourceVersionDate "2004.11.15"]
[SourceQuality "1"]

1. d4 Nf6 2. c4 g6 3. Nc3 Bg7 4. e4 d6 5. Nf3 0-0 6. Be2 e5 7. 0-0 Nc6 8. d5 Ne7 9. Ne1 Nd7 10. Be3 f5 11. f3 f4 12. Bf2 g5 13. a4 a6 14. a5 Ng6 15. Na4 Nf6 16. c5 g4 17. cxd6 cxd6 18. Nb6 Rb8 19. Nxc8 Rxc8 20. Bb6 Qd7 21. Qa4 g3 22. h3 Rf7 23. Qb3 h5 24. Nd3 Nh7 25. Rfc1 Rff8 26. Qa4 Rxc1+ 27. Nxc1 Qe7 28. Nd3 Rc8 29. Rc1 Rxc1+ 30. Nxc1 Ng5 31. Nd3 Bf8 32. Ne1 Nh4 33. Bf1 Kf7 34. Qc4 Qd7 35. Qc7 Qxc7 36. Bxc7 Be7 37. b4 Ke8 38. b5 Bd8 39. bxa6 bxa6 40. Bxd8 Kxd8 41. Bxa6 Ng6 42. Nc2 Nh4 43. Be2 1-0

[Event "Hastings Challengers 0304"]
[Site "Hastings"]
[Date "2004.01.02"]
[Round "6"]
[White "Woodward, Timothy"]
[Black "Pert, Nicholas"]
[Result "0-1"]
[WhiteElo "2336"]
[BlackElo "2488"]
[PlyCount "76"]
[EventDate "2003.12.28"]
[EventType "swiss"]
[EventRounds "9"]
[EventCountry "ENG"]
[SourceTitle "CBM 098 Extra"]
[Source "ChessBase"]
[SourceDate "2004.03.10"]
[SourceVersion "2"]
[SourceVersionDate "2004.03.10"]
[SourceQuality "1"]

1. d4 d5 2. c4 c6 3. Nc3 Nf6 4. e3 a6 5. Nf3 b5 6. b3 Bg4 7. h3 Bxf3 8. gxf3 Nbd7 9. f4 bxc4 10. bxc4 dxc4 11. Bxc4 e6 12. Rb1 Be7 13. Rg1 0-0 14. Bd2 Nb6 15. Bb3 c5 16. dxc5 Bxc5 17. Qe2 Qe7 18. Kf1 Rfd8 19. Be1 Nbd5 20. Qf3 Rac8 21. f5 Ba3 22. Ne4 exf5 23. Nxf6+ Nxf6 24. Qxf5 Rc5 25. Qf3 Qd7 26. Rd1 Qb5+ 27. Kg2 Rdc8 28. Kh1 Rf5 29. Qg2 Bf8 30. Rb1 Qe5 31. Bb4 g6 32. Bxf8 Kxf8 33. Rbc1 Rxc1 34. Rxc1 Kg7 35. Qb7 Ne4 36. f4 Nf2+ 37. Kg2 Qxe3 38. Rc7 Qxf4 0-1

[Event "EU-ch U18"]
[Site "Budva"]
[Date "2003.09.20"]
[Round "7"]
[White "Woodward, Timothy"]
[Black "Kalata, Peter"]
[Result "1-0"]
[WhiteElo "2285"]
[BlackElo "2255"]
[PlyCount "95"]
[EventDate "2003.09.13"]
[EventType "swiss"]
[EventRounds "9"]
[EventCountry "YUG"]
[SourceTitle "CBM 096 Extra"]
[Source "ChessBase"]
[SourceDate "2003.10.22"]
[SourceVersion "2"]
[SourceVersionDate "2003.10.20"]
[SourceQuality "1"]

1. d4 Nf6 2. c4 g6 3. Nc3 Bg7 4. e4 d6 5. Nf3 0-0 6. Be2 e5 7. 0-0 Nc6 8. d5 Ne7 9. Ne1 Nd7 10. Be3 f5 11. f3 f4 12. Bf2 g5 13. a4 Ng6 14. a5 Kh8 15. b4 Nf6 16. c5 h5 17. c6 bxc6 18. dxc6 g4 19. Kh1 g3 20. Bg1 gxh2 21. Bf2 h4 22. Kxh2 Nh5 23. Rg1 Ng3 24. Bf1 Qg5 25. Nc2 Ne7 26. Nd5 Nxd5 27. Qxd5 Rf6 28. Bc4 Bf8 29. Nd4 h3 30. gxh3 Rh6 31. Nf5 Be6 32. Qxe6 Rxe6 33. Bxe6 Qf6 34. Bd5 Nxf5 35. exf5 e4 36. Bxe4 Qb2 37. Raf1 Bg7 38. Rg2 Qe5 39. Rfg1 Bf6 40. Rg6 Kh7 41. R1g2 a6 42. R6g4 Rf8 43. Bh4 d5 44. Bc2 d4 45. Bxf6 Qxf6 46. Rg5 Qh6 47. f6+ Kh8 48. f7 1-0